000 00531nam a2200205 a 4500
001 BRCA_5773
005 20190320205217.0
008 090311t1911----mx-#######---#000-0#eng-#
041 _aeng
044 _amx
050 4 _aKB473
_b.A52
_c1911
100 1 _aAlfaro, Francisco.
_98158
245 1 0 _aArgument of the Defense in the trial of George I. Ham.
260 _aMéxico
_bAmerican Book
_c1911
300 _a204 p.
_c23 cm.
500 _aH76
650 1 4 _aRecurso de amparo
_zMéxico
_914648
902 _aGFM
942 _2lcc
_cB
999 _c5462
_d5462